Time-series estimation of structural import demand equations <a> cross-country analysis

Salvato in:
Dettagli Bibliografici
Autore principale: Senhadji, Abdelhak
Natura: Libro
Lingua:inglese
Pubblicazione: Washington International Monetary Fund 1997
Serie:IMF working paper WP/97/132
Soggetti:
Tags: Aggiungi Tag
Nessun Tag, puoi essere il primo ad aggiungerne!!

MARC

LEADER 00000nam a2200000 4500
001 c100152
005 20221124075015.1
041 0 |a eng 
044 |a US 
245 1 0 |a Time-series estimation of structural import demand equations  |b <a> cross-country analysis  |c Prepared by Abdelhak Senhadji 
264 1 |a Washington  |b International Monetary Fund  |c 1997 
300 |a 29 s. 
490 1 |a IMF working paper  |v WP/97/132 
830 0 |a IMF working paper  |v WP/97/132 
610 2 0 |a dopyt 
610 2 0 |a funkcie dopytové 
610 2 0 |a dovoz 
610 2 0 |a modely 
610 2 0 |a ceny dovozné 
610 2 0 |a príjmy 
610 2 0 |a metóda Monte Carlo 
610 2 0 |a modely dopytu 
610 2 0 |a ukazovatele ekonomické 
610 2 0 |a porovnanie medzinárodné 
100 1 |a Senhadji, Abdelhak